000 00452nam a2200193Ia 4500
005 20250425161625.0
008 250425s9999 xx 000 0 und d
020 _a0138779112
041 _aeng
082 _a621.3813
100 _aDATTA, SUPRIYO
245 0 _aSURFACE ACOUSTIC WAVE DEVICES
250 _a1ST ED.
260 _aENGLEWOOD
260 _aEstados Unidos
_bPRENTICE HALL
_c1986
300 _a252
942 _c01
010 _a24477
999 _c212791
_d212791